000 00562nam a2200181 i 4500
001 100164
003 ES-MaACL
005 20250915063047.0
007 t|
008 050922s1943 sp ||||1| spa d
100 1 _aMartínez Val, José María,
_d1916-
_978455
245 1 0 _aNotas sobre la Geografía Física actual /
_cJosé María Martínez Val.
260 _aMadrid :
_b[s.n.],
_c1943.
300 _a26 h. ;
_c25 cm.
500 _aSeparata de "Estudios Geográficos". Año IV, nº 13.
852 _aES-MaACL
_j1848-F-9
_bR.20732
999 _c100164
_d100164